书目信息 |
| 题名: |
电工电子实验教程
|
|
| 作者: | 熊幸明 主编 | |
| 分册: | ||
| 出版信息: | 北京 清华大学出版社 2008.08 |
|
| 页数: | 285页 | |
| 开本: | 26cm | |
| 丛书名: | ||
| 单 册: | ||
| 中图分类: | TM-33 | |
| 科图分类: | ||
| 主题词: | 电工试验--dian gong shi yan--高等学校--教材 , 电子技术--dian zi ji shu--实验--高等学校--教材 | |
| 电子资源: | ||
| ISBN: | 978-7-302-17845-3 | |
| 000 | 00987nam0 2200265 450 | |
| 001 | 012009433282 | |
| 005 | 20091028161458.45 | |
| 010 | @a978-7-302-17845-3@dCNY29.00 | |
| 100 | @a20091028d2008 em y0chiy0120 ea | |
| 101 | 0 | @achi |
| 102 | @aCN@b110000 | |
| 105 | @aa a 000yy | |
| 106 | @ar | |
| 200 | 1 | @a电工电子实验教程@Adian gong dian zi shi yan jiao cheng@f熊幸明主编@Fxiong xing ming zhu bian |
| 210 | @a北京@c清华大学出版社@d2008.08 | |
| 215 | @a285页@c图@d26cm | |
| 300 | @a高等职业院校规划教材 | |
| 320 | @a有书目 | |
| 330 | @a本书共6章,包括电路基础实验、模拟电路实验、数字电路实验、电气控制技术实验、可编程控制器技术实验、常用电子仪器简介等。实验内容及难易程度覆盖了不同层次的需求,各任课教师可灵活选用。 | |
| 606 | 0 | @a电工试验@Adian gong shi yan@x高等学校@j教材 |
| 606 | 0 | @a电子技术@Adian zi ji shu@x实验@x高等学校@j教材 |
| 690 | @aTM-33@v4 | |
| 701 | 0 | @a熊幸明@Axiong xing ming@4主编 |
| 801 | 0 | @aCN@bQSSK@c20091028 |
| 905 | @b764696-98@dTM-33@eX648@f3 | |
| 电工电子实验教程/熊幸明主编.-北京:清华大学出版社,2008.08 |
| 285页:图;26cm |
| 高等职业院校规划教材 |
| ISBN 978-7-302-17845-3:CNY29.00 |
| 本书共6章,包括电路基础实验、模拟电路实验、数字电路实验、电气控制技术实验、可编程控制器技术实验、常用电子仪器简介等。实验内容及难易程度覆盖了不同层次的需求,各任课教师可灵活选用。 |
| ● |
| 相关链接 |
|
|
|
正题名:电工电子实验教程
索取号:TM-33/X648
 
预约/预借
| 序号 | 登录号 | 条形码 | 馆藏地/架位号 | 状态 | 备注 |
| 1 | 764696 | 207646966 | 自科库301/301自科库 2排3列2层/ [索取号:TM-33/X648] | 在馆 | |
| 2 | 764697 | 207646975 | 自科库301/301自科库 2排3列2层/ [索取号:TM-33/X648] | 在馆 | |
| 3 | 764698 | 207646984 | 自科二线404/404自科库 16排5列2层/ [索取号:TM-33/X648] | 在馆 |